Computing essentials: making IT work for you introductory 2021

Сохранить в:
Библиографические подробности
Главный автор: O'LEARY, Daniel A.
Формат:
Язык:английский
Опубликовано: McGraw-Hill 2021
Метки: Добавить метку
Нет меток, Требуется 1-ая метка записи!

MARC

LEADER 00000nam a22000007a 4500
008 240522b |||||||| |||| 00| 0 eng d
020 |a 978-1-260-57075-5 
100 |a O'LEARY, Daniel A. 
245 |a Computing essentials:   |b making IT work for you introductory 2021  |c  Daniel A. O'Leary, Timothy J. O'Leary and Linda L. O'Leary  |e The OLeary Series  |g xxv, 390p. : ill. 
260 |b McGraw-Hill  |c 2021  |d Book  |h New York:  |i 700219  |i 700220  |i 700221  |l QA76 .Ol2  |m Computer science.  |m Introduction technology. 
500 |a "It includes index" 
942 |a lcc  |c BK  |e Adeniran, F. A.  |f 22/ 05/2024 
952 |0 0  |1 0  |2 lcc  |4 0  |7 0  |9 5126  |a TL  |b HOL  |c QZ  |d 2024-05-22  |l 0  |p 2024-0373  |r 2024-05-22 00:00:00  |t 700219  |w 2024-05-22  |y BK 
952 |0 0  |1 0  |2 lcc  |4 0  |7 0  |9 5127  |a HOL  |b HOL  |c QZ  |d 2024-05-22  |l 0  |p 2024-0374  |r 2024-05-22 00:00:00  |t 700220  |w 2024-05-22  |y BK 
952 |0 0  |1 0  |2 lcc  |4 0  |7 0  |9 5128  |a HOL  |b HOL  |c QZ  |d 2024-05-22  |l 0  |p 2024-0375  |r 2024-05-22 00:00:00  |t 700221  |w 2024-05-22  |y BK 
999 |c 2548  |d 2548